000 02133ncm0a2200457 4500
001 RU\NLR\ONIZ\215519
005 20250626044942.0
021 _aRU
_b10-37н
_910-5н
035 _aRU\NLR\ONIZ\GALA\5000029283\20161109122614
035 _a(NLR Aleph) 011337875
071 2 0 _aDSCH
090 _a11173743
_c11173743
100 _a20161109d2009 |||y0rusy50 ca
101 0 _arus
102 _aRU
125 _aax
200 1 _aПоезд удовольствий
_bНоты
_dThe pleasure train
_eполька
_e[для симф. орк.]
_eсоч. 281
_zeng
_fИ. Штраус
_gиструм. Д. Шостаковича (1941)
_gкоммент. М. Якубова
205 _a1-е изд.
208 _aПартитура
210 _aМосква
_cDSCH
_d2009
215 _a46 с.
_cфакс.
_d29 см
225 1 _aАрхив Д. Д. Шостаковича
300 _aНа с. 5: ст. О. Домбровской " К публикации польки И. Штрауса "Поезд удовольствий" в инструментовке Д. Д. Шостаковича рус., англ.
606 1 _aПольки для оркестра
_yАвстрия
_z19 в.
_jНоты
_2nlr_sh
686 _aЩ951.1-058.55(4А)
_vLBC/SL
_2rubbk
700 1 _9z07790
_aШтраус
_bИ.
_cсын
_f1825-1899
_gИоганн
_4230
_7ca
702 1 _9z04790
_aШостакович
_bД. Д.
_f1906-1975
_gДмитрий Дмитриевич
_4340
_7ca
702 1 _9z05790
_aЯкубов
_bМ.А.
_f1936-
_gМанашир Абрамович
_4340
702 1 _9z06790
_aДомбровская
_bО. В.
_gОльга Викторовна
_4770
790 1 _9z04702
_aŠostakovič
_bD. D.
_f1906-1975
_gDmitrij Dmitrievič
_4340
_7ba
790 1 _9z05702
_aYakubov
_bM.
_f1936-
_gManashir
_4340
790 1 _9z06702
_aDombrovskaya
_bO.
_gOl'ga
_4770
790 1 _9z07700
_aStrauss
_bJ.
_cSohn
_f1825-1899
_gJohann
_4230
_7ba
801 0 _aRU
_bNLR
_c20161109
_gPSBO
801 1 _aRU
_bNLR
_c20161109
_2rusmarc
801 2 _aRU
_bNLR
_c20190630
852 _aNLR
_bМ
_jК-3/24435
_pМОЭ 2010-5н/37н
_t1
942 _cSCORE
980 _aNB
980 _aONIZ